ARRUPE JESUIT UNIVERSITY

CORONAVIRUS -STOP THE SPREAD - CLEAN,DISINFECT,COVER

Here l stand (Record no. 125838)

MARC details
000 -LEADER
fixed length control field 00371nam a22001217a 4500
008 - FIXED-LENGTH DATA ELEMENTS--GENERAL INFORMATION
fixed length control field 161201b xxu||||| |||| 00| 0 eng d
050 ## - LIBRARY OF CONGRESS CALL NUMBER
Classification number BR 325.B26 1950 c.3
100 ## - MAIN ENTRY--PERSONAL NAME
Personal name Bainton, Roland H.
9 (RLIN) 27826
245 ## - TITLE STATEMENT
Title Here l stand
Remainder of title :a life of Martin Luther
Statement of responsibility, etc /Roland H. Bainton
260 ## - PUBLICATION, DISTRIBUTION, ETC. (IMPRINT)
Place of publication, distribution, etc Nashville
Name of publisher, distributor, etc Abingdon
Date of publication, distribution, etc 1950
300 ## - PHYSICAL DESCRIPTION
Extent xiv,336p.;
Dimensions 18cm.
600 ## - SUBJECT ADDED ENTRY--PERSONAL NAME
Personal name Luther, Martin
9 (RLIN) 29170
942 ## - ADDED ENTRY ELEMENTS (KOHA)
Source of classification or shelving scheme Library of Congress Classification
Item type Monograph ( Printed materials)
Holdings
Withdrawn status Lost status Source of classification or shelving scheme Damaged status Not for loan Collection code Home library Current library Shelving location Date acquired Total Checkouts Full call number Barcode Date last seen Price effective from Koha item type
    Library of Congress Classification     Main Collection ARRUPE LIBRARY ARRUPE LIBRARY Main Collection 01/12/2016   BR 325.B26 1950 c.3 46500008745 01/12/2016 01/12/2016 Monograph ( Printed materials)
    Library of Congress Classification     Main Collection ARRUPE LIBRARY ARRUPE LIBRARY Main Collection 01/03/2017   BR325.B26 1950 c.3 46500008742 01/03/2017 01/03/2017 Monograph ( Printed materials)

 

Arrupe Library. PO Box MP320 Mt Pleasant, Harare, Zimbabwe
263 242 745411|librarian@aju.ac.zw